[Event "Blitz 'til your eyes bleed!"]
[Site "SchemingMind.com"]
[Date "2014.07.26"]
[Round "-"]
[White "BigDoggProblem"]
[Black "SAMAEL"]
[Result "1-0"]
[WhiteCountry "USA"]
[BlackCountry "CAN"]
[WhiteElo "1940"]
[WhiteRD "75"]
[BlackElo "1763"]
[BlackRD "52"]
[GameID "362109"]

1. e4 e5 2. Nf3 d6 3. d4 exd4 4. Nxd4 Nf6 5. Nc3 Bd7 6. Bc4 Be7 7. O-O O-O 8. Bb3 Nc6 9. f3 h6 10. Be3 a6
11. Qd2 Rc8 12. Rad1 Nxd4 13. Qxd4 c5 14. Qd3 b5 15. Bd5 Bc6 16. Bxc6 Rxc6 17. Ne2 Nd7 18. Bf4 Nf6 19. Bg3 Nh5 20. Bf2 Bg5
21. g3 Be7 22. f4 Nf6 23. Nc3 Qd7 24. Rfe1 Ng4 25. e5 Nxf2 26. Kxf2 Rd8 27. Qd5 Qc7 28. Qe4 dxe5 29. fxe5 Rxd1 30. Rxd1 Qc8
31. Nd5 Re6 32. Nf4 Rb6 33. Qd5 Kf8 34. Qd7 Qxd7 35. Rxd7 c4 36. Ke3 Ke8 37. Rxe7+ Kxe7 38. Nd5+
1-0

[Event "Blitz 'til your eyes bleed!"]
[Site "SchemingMind.com"]
[Date "2014.07.27"]
[Round "-"]
[White "SAMAEL"]
[Black "BigDoggProblem"]
[Result "0-1"]
[WhiteCountry "CAN"]
[BlackCountry "USA"]
[WhiteElo "1763"]
[WhiteRD "52"]
[BlackElo "1940"]
[BlackRD "75"]
[GameID "362110"]

1. e4 d6 2. Nf3 Nf6 3. d3 c5 4. c4 g6 5. Nc3 Bg7 6. Be2 Nc6 7. O-O O-O 8. Bd2 Bg4 9. h3 Bxf3 10. Bxf3 Nd4
11. Re1 e6 12. Be2 a6 13. a3 b5 14. b3 Nd7 15. Rc1 Rb8 16. Rb1 Qc7 17. Bf1 Nb6 18. Ne2 d5 19. Nxd4 Bxd4 20. Qf3 bxc4
21. exd5 c3 22. Bf4 e5 23. Bh6 Rfd8 24. g3 Nxd5 25. Bg2 f5 26. Qe2 Qa5 27. Qa2 Qb5 28. b4 cxb4 29. Rxb4 Qxd3 30. Bxd5+ Kh8
31. Bc4 Qxg3+
0-1

[Event "Blitz 'til your eyes bleed!"]
[Site "SchemingMind.com"]
[Date "2014.07.27"]
[Round "-"]
[White "BigDoggProblem"]
[Black "Phillip Beckett"]
[Result "1-0"]
[WhiteCountry "USA"]
[BlackCountry "ENG"]
[WhiteElo "1940"]
[WhiteRD "75"]
[BlackElo "1606"]
[BlackRD "49"]
[GameID "362178"]

1. e4 e5 2. Nf3 Nc6 3. Bb5 a6 4. Ba4 Nf6 5. O-O Be7 6. Re1 b5 7. Bb3 O-O 8. a4 b4 9. Bd5 Bd6 10. d4 Nxd5
11. exd5 Nxd4 12. Nxe5 Bxe5 13. Rxe5 c5 14. d6 Qf6 15. Rxc5 Bb7 16. Bg5 Qxd6 17. Rc4 Nf5 18. Qxd6 Nxd6 19. Rc7 Rfe8 20. Nd2 Bc6
21. Nb3 Re2 22. Nd4 Re5 23. Nxc6 dxc6 24. Bf4 Re6 25. Rxc6 Nf5 26. Rxe6 fxe6 27. Rd1 Rc8 28. Rd2 Kf8 29. g4 Ne7 30. Bd6 Ke8
31. Bxb4 Nd5 32. Ba3 Kf7 33. c3 Nf4 34. Rd7+ Kf6 35. Be7+ Kg6 36. h4 h6 37. h5+ Kh7 38. Bf6 Rg8 39. Be5
1-0

[Event "Blitz 'til your eyes bleed!"]
[Site "SchemingMind.com"]
[Date "2014.07.27"]
[Round "-"]
[White "Phillip Beckett"]
[Black "BigDoggProblem"]
[Result "0-1"]
[WhiteCountry "ENG"]
[BlackCountry "USA"]
[WhiteElo "1606"]
[WhiteRD "49"]
[BlackElo "1940"]
[BlackRD "75"]
[GameID "362179"]

1. e4 d6 2. d4 Nf6 3. Nc3 g6 4. Nf3 Bg7 5. h3 O-O 6. Be2 c6 7. a3 b5 8. Be3 Bb7 9. Qd2 a5 10. O-O b4
11. axb4 axb4 12. Rxa8 bxc3 13. Rxb8 Qxb8 14. bxc3 Nxe4 15. Qd3 Nf6 16. Nh2 Qa7 17. d5 Qa8 18. dxc6 Bxc6 19. Bf3 Ne4 20. Bxe4 Bxe4
21. Qd2 Bxg2 22. Rd1 Bxh3 23. f3 Be5 24. Bd4 Bg7 25. Bxg7 Kxg7 26. Qd4+ Kg8 27. Qh4 Qa7+ 28. Kh1 Be6 29. Ng4 Bxg4 30. Qxg4 Qb7
31. Kg2 Qc8 32. Qh4 Qxc3 33. Rh1 Qxc2+ 34. Kg3 h5 35. Qg5 Qc5
0-1

[Event "Blitz 'til your eyes bleed!"]
[Site "SchemingMind.com"]
[Date "2014.07.27"]
[Round "-"]
[White "Phillip Beckett"]
[Black "SAMAEL"]
[Result "1/2-1/2"]
[WhiteCountry "ENG"]
[BlackCountry "CAN"]
[WhiteElo "1531"]
[WhiteRD "49"]
[BlackElo "1801"]
[BlackRD "58"]
[GameID "362180"]

1. e4 e5 2. Nf3 d6 3. d4 exd4 4. Nxd4 Nf6 5. Nc3 Bd7 6. Be2 Be7 7. O-O O-O 8. Kh1 Kh8 9. f4 h6 10. Bf3 c6
11. Qe1 Nh7 12. Nf5 Bxf5 13. exf5 Qd7 14. Be3 d5 15. Bd4 Bf6 16. Qd2 Na6 17. a3 Rfe8 18. Rae1 Rxe1 19. Rxe1 b6 20. Bxf6 Nxf6
21. g4 Re8 22. Rxe8+ Qxe8 23. Qe2 Qxe2 24. Bxe2 Nc5 25. h3 Nfe4 26. Nxe4 Nxe4 27. Bd3 Nf2+ 28. Kg2 Nxd3 29. cxd3 Kg8 30. g5 h5
31. h4 g6 32. f6 Kf8 33. Kf3 Ke8 34. f5 Kd7 35. fxg6 fxg6 36. Ke3 c5 37. d4 c4 38. Kf4 Ke6 39. Ke3 Kd6 40. Kd2 a6
41. Kc3 a5 42. b3 b5 43. bxc4 bxc4 44. Kc2 Ke6 45. Kc3 Kd6 46. Kd2=
1/2-1/2

[Event "Blitz 'til your eyes bleed!"]
[Site "SchemingMind.com"]
[Date "2014.07.27"]
[Round "-"]
[White "SAMAEL"]
[Black "Phillip Beckett"]
[Result "1-0"]
[WhiteCountry "CAN"]
[BlackCountry "ENG"]
[WhiteElo "1801"]
[WhiteRD "58"]
[BlackElo "1531"]
[BlackRD "49"]
[GameID "362181"]

1. e4 c5 2. c4 e5 3. Nf3 d6 4. d3 Nf6 5. Nc3 Nc6 6. Be2 Nd4 7. Nxd4 exd4 8. Nd5 Nxd5 9. exd5 Be7 10. O-O O-O
11. Bf4 Bf5 12. Bg4 Bxg4 13. Qxg4 Qc8 14. Qxc8 Raxc8 15. Rfe1 Rfe8 16. Re2 f6 17. Rae1 Kf7 18. g4 Bf8 19. Kg2 Rxe2 20. Rxe2 Re8
21. Rxe8 Kxe8 22. Kf3 Kd7 23. Ke4 g6 24. h4 Be7 25. Bg3 Bd8 26. f4 Ke7 27. b4 b6 28. a3 a5 29. bxa5 bxa5 30. a4 Kf7=
31. f5 Be7 32. fxg6+ Kxg6 33. h5+ Kf7 34. Kf5 Bd8 35. Bxd6 Be7 36. Bc7
1-0

[Event "Blitz 'til your eyes bleed!"]
[Site "SchemingMind.com"]
[Date "2014.08.02"]
[Round "-"]
[White "BigDoggProblem"]
[Black "Scooter"]
[Result "1-0"]
[WhiteCountry "USA"]
[BlackCountry "USA"]
[WhiteElo "1923"]
[WhiteRD "83"]
[BlackElo "1759"]
[BlackRD "45"]
[GameID "362211"]

1. e4 c6 2. d4 d5 3. e5 Bf5 4. h4 h6 5. g4 Bh7 6. e6 fxe6 7. Bd3 Bxd3 8. Qxd3 Na6 9. c3 Qc7 10. Qg6+ Kd7
11. Nf3
1-0

[Event "Blitz 'til your eyes bleed!"]
[Site "SchemingMind.com"]
[Date "2014.08.02"]
[Round "-"]
[White "Scooter"]
[Black "BigDoggProblem"]
[Result "0-1"]
[WhiteCountry "USA"]
[BlackCountry "USA"]
[WhiteElo "1706"]
[WhiteRD "48"]
[BlackElo "1940"]
[BlackRD "75"]
[GameID "362212"]

1. d4 Nf6 2. Nf3 g6 3. Bf4 Bg7 4. e3 O-O 5. Be2 d6 6. O-O Nbd7 7. Nbd2 Re8 8. h3 e5 9. dxe5 dxe5 10. Bg5 e4
11. Bxf6 Bxf6 12. Nd4 c5 13. N4b3 Bxb2 14. Rb1 Bg7 15. Bb5 b6 16. Bc6 Rb8 17. Nxe4 Qc7 18. Nd6 Re7 19. Nxc8 Rxc8 20. Bxd7 Rxd7
21. Qe2 Rcd8 22. Rfd1 Rd6 23. Rxd6 Qxd6 24. c4 Qd3 25. Qxd3 Rxd3 26. Rc1 Be5 27. Kf1 Kf8 28. Ke2 Rd7 29. Rd1 Ke7 30. f4 Bg7
31. Rxd7+ Kxd7 32. g4 f5 33. a4 Kc6 34. Kd3 a6 35. e4 fxe4+ 36. Kxe4 b5 37. cxb5+ axb5 38. axb5+ Kxb5 39. Kd5 Bf8 40. f5 Kb4
41. Nd2 gxf5 42. gxf5 Bh6 43. Ne4 c4 44. Nc5 c3 45. Nd3+ Kb3 46. Ke6 c2 47. f6 Kc3
0-1

[Event "Blitz 'til your eyes bleed!"]
[Site "SchemingMind.com"]
[Date "2014.07.28"]
[Round "-"]
[White "Phillip Beckett"]
[Black "Scooter"]
[Result "1/2-1/2"]
[WhiteCountry "ENG"]
[BlackCountry "USA"]
[WhiteElo "1531"]
[WhiteRD "49"]
[BlackElo "1759"]
[BlackRD "45"]
[GameID "362213"]

1. d4 Nf6 2. e3 g6 3. Bd3 Bg7 4. Nd2 O-O 5. Ngf3 d6 6. O-O Bg4 7. h3 Bxf3 8. Qxf3 Nbd7 9. c3 c6 10. e4 e5
11. Bc2 exd4 12. cxd4 Nh5 13. Nc4 Nb6 14. Nxb6 Qxb6 15. g4 Nf6 16. e5 dxe5 17. dxe5 Nd5 18. Bb3 Rad8 19. Bxd5 Rxd5 20. Be3 Qxb2
21. Rab1 Qxe5 22. Rxb7 a5 23. Bf4 Qd4 24. Be3 Qf6 25. Qxf6 Bxf6 26. Rc7 Bd4 27. Bxd4 Rxd4 28. Rxc6 Rd3 29. Rc5 Rxh3 30. Rxa5 Rd8
31. f3 Rd2 32. Rf2 Rd1+ 33. Kg2 Rhh1 34. Kg3 h6 35. Ra8+ Kg7 36. Rg2 g5 37. Rb8 Ra1 38. Rbb2 h5 39. gxh5 Rxh5 40. Rh2 Rxh2
41. Rxh2 f5 42. Rg2 Kg6 43. Kh2 f4 44. Rf2 Kf5 45. Re2= g4 46. fxg4+ Kxg4 47. Rg2+ Kf3 48. Rb2 Ke3 49. Rb3+ Ke2 50. Rb2+ Kf3=
1/2-1/2

[Event "Blitz 'til your eyes bleed!"]
[Site "SchemingMind.com"]
[Date "2014.07.28"]
[Round "-"]
[White "Scooter"]
[Black "Phillip Beckett"]
[Result "1-0"]
[WhiteCountry "USA"]
[BlackCountry "ENG"]
[WhiteElo "1759"]
[WhiteRD "45"]
[BlackElo "1531"]
[BlackRD "49"]
[GameID "362214"]

1. d4 d5 2. Nf3 Nf6 3. Bf4 e6 4. e3 c5 5. Bb5+ Bd7 6. Bxd7+ Nbxd7 7. c3 Be7 8. O-O Rc8 9. Nbd2 cxd4 10. cxd4 O-O
11. a3 Nb6 12. Rc1 Qd7 13. b4 Rxc1 14. Qxc1 Rc8 15. Qb2 Nc4 16. Nxc4 Rxc4 17. Ne5 Qc8 18. Nxc4 dxc4 19. Bg5 h6 20. Bxf6 Bxf6
21. Rc1 b5 22. Qc3 Qc7 23. g3 e5 24. a4 a6 25. axb5 axb5 26. Ra1 Kh7 27. Qc2+ g6 28. Ra5 exd4 29. exd4 Bxd4 30. Rxb5 Qa7
31. Ra5 Qb6 32. Qxc4 Bxf2+ 33. Kf1 Qf6 34. Kg2 Bb6 35. Ra2 Kg7 36. b5 Qd8 37. Qc3+ Bd4 38. Qc6 Qe7 39. b6 Bxb6 40. Qxb6 Qe4+
41. Kf1 Qc4+ 42. Re2 Qc1+ 43. Kf2 Qg5 44. Qd4+ Kh7 45. Qf4 Qd5 46. Qe4
1-0

[Event "Blitz 'til your eyes bleed!"]
[Site "SchemingMind.com"]
[Date "2014.07.28"]
[Round "-"]
[White "Scooter"]
[Black "SAMAEL"]
[Result "0-1"]
[WhiteCountry "USA"]
[BlackCountry "CAN"]
[WhiteElo "1706"]
[WhiteRD "48"]
[BlackElo "1763"]
[BlackRD "52"]
[GameID "362215"]

1. d4 d5 2. Nf3 e6 3. Bf4 Nc6 4. e3 Nf6 5. Bb5 Bd7 6. O-O a6 7. Bxc6 Bxc6 8. Nbd2 Be7 9. c4 O-O 10. cxd5 exd5
11. Rc1 Rc8 12. Ne5 Be8 13. h3 c6 14. a3 Nd7 15. b4 Nxe5 16. Bxe5 Bd6 17. Bxd6 Qxd6 18. Nb3 b6 19. Qe2 Ra8 20. Nd2 Bd7
21. Nf3 f6 22. Rc3 a5 23. bxa5 Rxa5 24. Qb2 b5 25. Qb4 Qxb4 26. axb4 Ra2 27. Rb3 Rfa8 28. Ne1 R8a3 29. Rxa3 Rxa3 30. Nc2 Rc3
31. Na1 Bf5 32. Re1 Rc4 33. g4 Bg6 34. Nb3 Kf8 35. Na5 Rc3 36. Re2 Ke7 37. Rb2 Be4 38. Kh2 g5 39. Kg3 Kd7 40. Nb7 Kc7
41. Nc5 Bg6 42. Ra2 f5 43. Ne6+ Kb7 44. Nc5+ Kb8 45. Ra6 f4+ 46. Kf3 fxe3 47. Rxc6 exf2+ 48. Kxf2 Rxh3 49. Rb6+ Kc7 50. Rxb5 Rh2+
51. Kg3 Rd2 52. Kf3 Kc6 53. Ra5 Rxd4 54. Ra6+ Kb5 55. Rd6 Kxb4 56. Ne6 Rd3+ 57. Kf2 Kc3 58. Nxg5 Kc2 59. Nf3 Kd1 60. Ne5 Rd2+
61. Kg3 Be4 62. Nd7 Ke2 63. Nf6 Rd3+ 64. Kh4 Kf3 65. Nxe4 Kxe4 66. Re6+ Kf3 67. Rf6+ Kg2 68. g5 Rh3+ 69. Kg4 d4 70. Rd6 d3
71. Kf4 Kf2 72. Kg4 Re3 73. Kf4 Ke2 74. Rd7 d2 75. Rd6 Rd3
0-1

[Event "Blitz 'til your eyes bleed!"]
[Site "SchemingMind.com"]
[Date "2014.07.28"]
[Round "-"]
[White "SAMAEL"]
[Black "Scooter"]
[Result "0-1"]
[WhiteCountry "CAN"]
[BlackCountry "USA"]
[WhiteElo "1801"]
[WhiteRD "58"]
[BlackElo "1759"]
[BlackRD "45"]
[GameID "362216"]

1. e4 c6 2. Nf3 d5 3. exd5 cxd5 4. d4 Nf6 5. Nc3 Bg4 6. Be2 e6 7. h3 Bxf3 8. Bxf3 Bb4 9. Bd2 O-O 10. O-O Nc6
11. Ne2 Bxd2 12. Qxd2 Rc8 13. c3 b5 14. a3 a5 15. Ng3 Qe7 16. Rfe1 b4 17. axb4 axb4 18. Nh5 bxc3 19. bxc3 Nxh5 20. Bxh5 g6
21. Bf3 Qf6 22. Ra6 Ne7 23. Rb1 Rc6 24. Rbb6 Rfc8 25. Rxc6 Rxc6 26. Rxc6 Nxc6 27. c4 Nxd4 28. Be2 Nxe2+ 29. Qxe2 Qa1+ 30. Kh2 Qa6
0-1

[Event "Blitz 'til your eyes bleed!"]
[Site "SchemingMind.com"]
[Date "2014.08.09"]
[Round "-"]
[White "BigDoggProblem"]
[Black "emvarela"]
[Result "1-0"]
[WhiteCountry "USA"]
[BlackCountry "ARG"]
[WhiteElo "1940"]
[WhiteRD "75"]
[BlackElo "1633"]
[BlackRD "47"]
[GameID "362606"]

1. e4 e5 2. Nf3 Nc6 3. Bb5 a6 4. Ba4 Nf6 5. O-O Be7 6. Re1 b5 7. Bb3 O-O 8. a4 Bb7 9. Bd5 Nxd5 10. exd5 Nb4
11. Nxe5 d6 12. Nf3 Nxd5 13. d4 Bf6 14. Nc3 Nxc3 15. bxc3 Bxf3 16. Qxf3 Re8 17. Bf4 Rxe1+ 18. Rxe1 d5 19. axb5 axb5 20. h3 c6
21. Be5 Bxe5 22. Rxe5 Ra1+ 23. Kh2 Qd6 24. Qg3 Qd7 25. Rxd5 Qc8 26. Rd7 Ra6 27. Qd6 Ra8 28. Rc7 Qe8 29. Rxc6 Rd8 30. Qc5 Qe4
31. d5 Qf4+ 32. g3 Qf6 33. Rxf6
1-0

[Event "Blitz 'til your eyes bleed!"]
[Site "SchemingMind.com"]
[Date "2014.08.09"]
[Round "-"]
[White "emvarela"]
[Black "BigDoggProblem"]
[Result "0-1"]
[WhiteCountry "ARG"]
[BlackCountry "USA"]
[WhiteElo "1633"]
[WhiteRD "47"]
[BlackElo "1940"]
[BlackRD "75"]
[GameID "362607"]

1. e4 d6 2. d4 Nf6 3. Nc3 g6 4. f4 Bg7 5. Nf3 c5 6. dxc5 Qa5 7. Bd2 Qxc5 8. Bd3 Bg4 9. h3 Bxf3 10. Qxf3 Nfd7
11. Be3 Bxc3+ 12. bxc3 Qxc3+ 13. Ke2 Nc6 14. g4 Nc5 15. Bxc5 dxc5 16. f5 Nd4+
0-1

[Event "Blitz 'til your eyes bleed!"]
[Site "SchemingMind.com"]
[Date "2014.08.09"]
[Round "-"]
[White "emvarela"]
[Black "Phillip Beckett"]
[Result "1/2-1/2"]
[WhiteCountry "ARG"]
[BlackCountry "ENG"]
[WhiteElo "1633"]
[WhiteRD "47"]
[BlackElo "1606"]
[BlackRD "49"]
[GameID "362608"]

1. e4 e5 2. Nf3 Nc6 3. d4 exd4 4. c3 d3 5. Bxd3 d6 6. O-O Bg4 7. h3 Bxf3 8. Qxf3 Ne5 9. Qe2 Nxd3 10. Qxd3 Nf6
11. Bg5 Be7 12. Nd2 h6 13. Bxf6 Bxf6 14. f4 O-O 15. Nf3 Qe7 16. Rae1 Rfe8 17. e5 dxe5 18. fxe5 Bg5 19. Nxg5 Qxg5 20. Rf5 Qd8
21. Qf3 Qd7 22. Rf1 Rf8 23. g4 Rad8 24. g5 Qd3 25. Rxf7 Qxf3 26. R7xf3 Rxf3 27. Rxf3 Rd2 28. Rf2 Rd1+ 29. Rf1 Rd2 30. Rf2 Rd1+
31. Kg2 Re1 32. gxh6 gxh6 33. Kf3 Rxe5 34. Rd2 Re7 35. Kg4 Kh7 36. h4 Kg7 37. Rf2 Re4+=
1/2-1/2

[Event "Blitz 'til your eyes bleed!"]
[Site "SchemingMind.com"]
[Date "2014.08.09"]
[Round "-"]
[White "Phillip Beckett"]
[Black "emvarela"]
[Result "1/2-1/2"]
[WhiteCountry "ENG"]
[BlackCountry "ARG"]
[WhiteElo "1606"]
[WhiteRD "49"]
[BlackElo "1633"]
[BlackRD "47"]
[GameID "362609"]

1. e4 e5 2. Nf3 Nc6 3. Bb5 a6 4. Bxc6 dxc6 5. d4 exd4 6. Qxd4 Qxd4 7. Nxd4 Bc5 8. Nb3 Bb6 9. Bf4 Nf6 10. f3 Be6
11. N1d2 O-O-O 12. O-O-O Bxb3 13. Nxb3 Rxd1+ 14. Rxd1 Rd8 15. Rxd8+ Kxd8 16. c3 Ke7 17. Bg5 h6 18. Bh4 g5 19. Bg3 Nh5 20. Nd4 Nxg3
21. hxg3 Bxd4 22. cxd4 Ke6 23. Kd2 f6 24. Kd3 h5 25. Kc4 b6 26. b4 Kd6 27. a4 b5+ 28. axb5 cxb5+ 29. Kd3 c6 30. Kc3 Ke6
31. Kd3 f5 32. Ke3 fxe4 33. fxe4 Kd6 34. e5+ Kd5 35. Kd3 h4 36. gxh4 gxh4 37. Kc3 Ke6 38. Kd3 Kd5 39. Kc3=
1/2-1/2

[Event "Blitz 'til your eyes bleed!"]
[Site "SchemingMind.com"]
[Date "2014.08.09"]
[Round "-"]
[White "emvarela"]
[Black "Scooter"]
[Result "1/2-1/2"]
[WhiteCountry "ARG"]
[BlackCountry "USA"]
[WhiteElo "1633"]
[WhiteRD "47"]
[BlackElo "1706"]
[BlackRD "48"]
[GameID "362610"]

1. c4 Nf6 2. d4 g6 3. Nc3 Bg7 4. Nf3 O-O 5. e4 d6 6. Be3 Bg4 7. h3 Bxf3 8. Qxf3 Nbd7 9. Bd3 e5 10. d5 c6
11. O-O cxd5 12. cxd5 a6 13. b4 b5 14. a4 bxa4 15. Rxa4 Qc8 16. Rfa1 Qb7 17. Bxa6 Qb8 18. Bb5 Rc8 19. Bxd7 Rxa4 20. Nxa4 Nxd7
21. Rc1 Rxc1+ 22. Bxc1 Qxb4 23. Nc3 Nc5 24. Qe3 Nb3 25. f3 Nxc1 26. Qxc1 Bh6 27. Qe1 Qd4+ 28. Kf1 Bd2 29. Ne2 Bxe1=
1/2-1/2

[Event "Blitz 'til your eyes bleed!"]
[Site "SchemingMind.com"]
[Date "2014.08.09"]
[Round "-"]
[White "Scooter"]
[Black "emvarela"]
[Result "1-0"]
[WhiteCountry "USA"]
[BlackCountry "ARG"]
[WhiteElo "1752"]
[WhiteRD "44"]
[BlackElo "1627"]
[BlackRD "46"]
[GameID "362611"]

1. d4 Nf6 2. Nf3 d5 3. Bf4 e6 4. e3 Bd6 5. Bxd6 Qxd6 6. c3 O-O 7. Be2 c5 8. O-O cxd4 9. cxd4 Nc6 10. a3 a6
11. Nbd2 Bd7 12. Rc1 Rac8 13. b4 b5 14. Nb3 e5 15. dxe5 Nxe5 16. Nxe5 Qxe5 17. Nc5 Be6 18. Nxa6 Rxc1 19. Qxc1 Rc8 20. Qb1 d4
21. Nc5 dxe3 22. f3 Bc4 23. Qd1 Bxe2 24. Qxe2 Nd5 25. Qxb5 e2 26. Re1 Qe3+ 27. Kh1 Nc3 28. Qd7 Qe8 29. Qd3 Na4 30. Rxe2 Qc6
31. Rd2 Nxc5 32. Qd8+ Qe8 33. Qxe8+ Rxe8 34. Kg1 Na4 35. b5 g6 36. Rd4 Ra8 37. Rd6 Nc3 38. b6 Rxa3 39. b7 Rb3 40. Rd8+ Kg7
41. b8=Q Rxb8 42. Rxb8 Ne2+ 43. Kf2 Nf4 44. Rd8 Ne6 45. Rd6 h5 46. Ke3 Kf6 47. h4 Kf5 48. Rd5+ Kf6 49. g4 hxg4 50. fxg4 Kg7
51. g5 Nf8 52. Kf4 Ne6+ 53. Ke5 Nf8 54. Rd6 Nh7 55. Rd7 Nf8 56. Re7 Kg8 57. Re8 Kg7 58. Kd6 Nh7 59. Re7 Nf8 60. Re4 f5
61. Re7+ Kg8 62. Ke5 Nh7 63. h5 Nf8 64. Kf6 gxh5 65. g6 h4 66. g7
1-0

[Event "Blitz 'til your eyes bleed!"]
[Site "SchemingMind.com"]
[Date "2014.08.09"]
[Round "-"]
[White "emvarela"]
[Black "SAMAEL"]
[Result "1-0"]
[WhiteCountry "ARG"]
[BlackCountry "CAN"]
[WhiteElo "1627"]
[WhiteRD "46"]
[BlackElo "1775"]
[BlackRD "48"]
[GameID "362612"]

1. e4 e5 2. Nf3 d6 3. d4 exd4 4. Nxd4 Nf6 5. Nc3 Bd7 6. Bg5 Be7 7. Bxf6 Bxf6 8. Qd2 Nc6 9. Nxc6 Bxc6 10. Bd3 O-O
11. O-O-O Bd7 12. f4 a6 13. h3 g6 14. g4 Bg7 15. Bc4 Bc6 16. Bd5 Bxc3 17. Qxc3 Bxd5 18. exd5 Re8 19. Rde1 Qd7 20. Rxe8+ Rxe8
21. Re1 Rxe1+ 22. Qxe1 Kf8 23. Qc3 Kg8 24. Qf6 Qe8 25. Kd2 c6 26. Qxd6 cxd5 27. Qxd5 Qe7 28. Qe5 Qxe5 29. fxe5 Kf8 30. Ke3 Ke7
31. Ke4 Ke6 32. c4 b6 33. b4 h6 34. c5 bxc5 35. bxc5 Kd7 36. Kd5 Kc7 37. h4 Kd7 38. c6+ Kc7 39. Kc5 a5 40. a4
1-0

[Event "Blitz 'til your eyes bleed!"]
[Site "SchemingMind.com"]
[Date "2014.08.09"]
[Round "-"]
[White "SAMAEL"]
[Black "emvarela"]
[Result "1-0"]
[WhiteCountry "CAN"]
[BlackCountry "ARG"]
[WhiteElo "1775"]
[WhiteRD "48"]
[BlackElo "1627"]
[BlackRD "46"]
[GameID "362613"]

1. e4 e5 2. Nf3 Nc6 3. d3 Nf6 4. Be2 d5 5. exd5 Qxd5 6. O-O Nd4 7. Re1 Bd6 8. Nxd4 Qxd4 9. h3 Bf5 10. Nc3 e4
11. Nb5 Qb4 12. Nxd6+ Qxd6 13. dxe4 Qxd1 14. Bxd1 Be6 15. f3 O-O-O 16. Bg5 h6 17. Bxf6 gxf6 18. b3 Rd2 19. Re2 Rhd8 20. Rxd2 Rxd2
21. a4 f5 22. exf5 Bxf5 23. Rc1 c5 24. c4 Bd3 25. Kh2 Bf1 26. Bc2 Bxg2 27. Bf5+ Kc7 28. Kg3 h5 29. h4 Rb2 30. Rg1 Bxf3
31. Kxf3 Rxb3+ 32. Kf4 Rb4 33. Bd3 Rxa4 34. Kg5 Ra3 35. Rg3 a6 36. Kxh5 b5 37. cxb5 axb5 38. Rf3 f5 39. Be4 Rxf3 40. Bxf3 c4
41. Be2 c3 42. Bd1 Kd6 43. Kg6 Kd5 44. Kxf5 b4 45. Bb3+ Kd4 46. h5 Kd3 47. h6 c2 48. Bxc2+ Kxc2 49. h7 b3 50. h8=Q b2
51. Qc8+ Kb1 52. Ke4 Ka1 53. Qa6+
1-0

[Event "Blitz 'til your eyes bleed!"]
[Site "SchemingMind.com"]
[Date "2014.08.07"]
[Round "-"]
[White "BigDoggProblem"]
[Black "kenneth m day"]
[Result "1-0"]
[WhiteCountry "USA"]
[BlackCountry "USA"]
[WhiteElo "1940"]
[WhiteRD "75"]
[BlackElo "1708"]
[BlackRD "50"]
[GameID "362681"]

1. e4 e5 2. Nf3 Nc6 3. Bb5 f5 4. Bxc6 dxc6 5. Nc3 Nf6 6. Nxe5 Bd6 7. Nc4 Bb4 8. e5 Qe7 9. O-O Nd5 10. d4 Nxc3
11. bxc3 Bxc3 12. Rb1 Be6 13. Qd3 Bb4 14. a3 Bxc4 15. Qxc4 Bxa3 16. Bxa3 Qxa3 17. Rxb7 Qe7 18. Qxc6+ Qd7 19. Qxc7 Qxc7 20. Rxc7 O-O
21. Rb1 Rfd8 22. c3 a5 23. Rbb7 a4 24. Rxg7+ Kf8 25. e6 Re8 26. Rbf7#
1-0

[Event "Blitz 'til your eyes bleed!"]
[Site "SchemingMind.com"]
[Date "2014.08.06"]
[Round "-"]
[White "kenneth m day"]
[Black "BigDoggProblem"]
[Result "0-1"]
[WhiteCountry "USA"]
[BlackCountry "USA"]
[WhiteElo "1708"]
[WhiteRD "50"]
[BlackElo "1940"]
[BlackRD "75"]
[GameID "362682"]

1. e4 d6 2. d4 Nf6 3. Nc3 g6 4. f4 Bg7 5. Nf3 c5 6. e5 Nfd7 7. Be3 cxd4 8. Bxd4 Nc6 9. Bb5 dxe5 10. fxe5 Nxd4
11. Nxd4 Bxe5 12. O-O O-O 13. Bc4 Qb6 14. Nd5 Qxd4+ 15. Qxd4 Bxd4+ 16. Kh1 Bc5 17. b4 Bd6 18. c3 Nb6 19. Nxb6 axb6 20. a4 Bd7
21. b5 Be5 22. Rf3 Rac8 23. Bd5 Rc7 24. Rc1 e6 25. Be4 Rfc8 26. Rd3 Rxc3
0-1

[Event "Blitz 'til your eyes bleed!"]
[Site "SchemingMind.com"]
[Date "2014.08.11"]
[Round "-"]
[White "emvarela"]
[Black "kenneth m day"]
[Result "1-0"]
[WhiteCountry "ARG"]
[BlackCountry "USA"]
[WhiteElo "1627"]
[WhiteRD "46"]
[BlackElo "1669"]
[BlackRD "52"]
[GameID "362683"]

1. e4 e5 2. Nf3 d6 3. d4 exd4 4. Nxd4 Nf6 5. Nc3 g6 6. Be3 Bg7 7. Bd3 O-O 8. O-O Nbd7 9. f4 c5 10. Ndb5 Nb6
11. e5 dxe5 12. fxe5 Ng4 13. Bf4 Nxe5 14. Bxe5 Bxe5 15. Qf3 a6 16. Na3 Qh4 17. h3 Bd4+ 18. Kh1 Rb8 19. Ne4 Bd7 20. Nf6+ Bxf6
21. Qxf6 Qxf6 22. Rxf6 Nd5 23. Rd6 Bc6 24. Nc4 Nf4 25. Bf1 Nxh3 26. Rxc6 Nf2+ 27. Kg1 bxc6 28. Kxf2 f5 29. Ne5 Rxb2 30. Bd3 Rd8
31. Rd1 Rxa2 32. Bc4+ Kg7 33. Rxd8 Rxc2+ 34. Be2 a5 35. Nxc6 a4 36. Ra8 Ra2 37. Kf3 a3 38. Bc4 Ra1 39. g4 fxg4+ 40. Kxg4 Rg1+
41. Kf3 Ra1 42. Rg8+ Kf6 43. Kf4 a2 44. Ra8 g5+ 45. Kf3 Kf5 46. Rxa2
1-0

[Event "Blitz 'til your eyes bleed!"]
[Site "SchemingMind.com"]
[Date "2014.08.11"]
[Round "-"]
[White "kenneth m day"]
[Black "emvarela"]
[Result "1-0"]
[WhiteCountry "USA"]
[BlackCountry "ARG"]
[WhiteElo "1708"]
[WhiteRD "50"]
[BlackElo "1633"]
[BlackRD "47"]
[GameID "362684"]

1. e4 e5 2. f4 exf4 3. Nf3 g5 4. Nc3 Nc6 5. g3 fxg3 6. hxg3 d6 7. d4 Bg4 8. Be2 Bxf3 9. Bxf3 Qf6 10. Be3 O-O-O
11. Nd5 Qg6 12. Qd2 Be7 13. O-O-O Nf6 14. Bxg5 Nxd5 15. Bxe7 Ndxe7 16. Qf4 f5 17. exf5 Qxf5 18. Bg4
1-0

[Event "Blitz 'til your eyes bleed!"]
[Site "SchemingMind.com"]
[Date "2014.08.06"]
[Round "-"]
[White "Phillip Beckett"]
[Black "kenneth m day"]
[Result "1-0"]
[WhiteCountry "ENG"]
[BlackCountry "USA"]
[WhiteElo "1606"]
[WhiteRD "49"]
[BlackElo "1708"]
[BlackRD "50"]
[GameID "362685"]

1. e4 e5 2. Nf3 Nc6 3. Bb5 f5 4. Bxc6 dxc6 5. Nxe5 fxe4 6. Qh5+ g6 7. Nxg6 Nf6 8. Qe5+ Qe7 9. Nxe7 Bxe7 10. d4 Kf7
11. O-O Re8 12. Bg5 Bd8 13. Qf4 Bd7 14. Nc3 Rc8 15. Bxf6 Bxf6 16. Nxe4 Re6 17. Ng5+ Kg6 18. Nxe6 Bxe6 19. Qg3+ Kf7 20. c3 Ke7
21. Rae1 Kd7 22. f4 Rg8 23. Qe3 Bd5 24. Qh3+ Kd6 25. f5 Bh4 26. Re2 Bf6 27. Qxh7 Rg7 28. Qxg7 Bxg7 29. f6 Bf8 30. Re8
1-0

[Event "Blitz 'til your eyes bleed!"]
[Site "SchemingMind.com"]
[Date "2014.08.06"]
[Round "-"]
[White "kenneth m day"]
[Black "Phillip Beckett"]
[Result "1/2-1/2"]
[WhiteCountry "USA"]
[BlackCountry "ENG"]
[WhiteElo "1708"]
[WhiteRD "50"]
[BlackElo "1606"]
[BlackRD "49"]
[GameID "362686"]

1. e4 e5 2. f4 Qh4+ 3. g3 Qe7 4. d3 exf4 5. Bxf4 d5 6. Nc3 dxe4 7. dxe4 c6 8. Qd2 Bg4 9. Be2 Bxe2 10. Ngxe2 Nd7
11. Bc7 Nb6 12. Qf4 Rc8 13. Be5 f6 14. Bd4 Nh6 15. O-O-O Nf7 16. Rhe1 Ne5 17. Qf5 Rd8 18. Nf4 Kf7 19. Bxe5 Rxd1+ 20. Rxd1 Qxe5
21. Nd3 Qxf5 22. exf5 Be7 23. Nf4 Rd8 24. Ne6 Rxd1+ 25. Kxd1 Nd7 26. Ke2 Nf8 27. Nd4 Bc5 28. Nf3 Nd7 29. Ne4 Be7 30. Nd4 Nc5
31. Nxc5=
1/2-1/2